Goodbye Gutenberg (Record no. 144887)

MARC details
000 -LEADER
campo de control de longitud fija 00666nam a2200181 i 4500
001 - NÚMERO DE CONTROL
campo de control 144887
003 - IDENTIFICADOR DE NÚMERO DE CONTROL
campo de control ES-MaACL
005 - FECHA Y HORA DE LA ÚLTIMA TRANSACCIÓN
campo de control 20230906201123.0
007 - CAMPO FIJO DE DESCRIPCIÓN FÍSICA--INFORMACIÓN GENERAL
campo de control de longitud fija t|
008 - DATOS DE LONGITUD FIJA--INFORMACIÓN GENERAL
campo de control de longitud fija 070214s1983 sp r ||||1| spa d
100 1# - ENTRADA PRINCIPAL--NOMBRE DE PERSONA
Nombre de persona Smith, Anthony (
Fechas asociadas al nombre 1938-)
9 (RLIN) 106849
245 10 - MENCIÓN DEL TÍTULO
Título Goodbye Gutenberg
Resto del título : la revolución del periodismo electrónico /
Mención de responsabilidad, etc. A. Smith ; [versión de Homero Alsina Thevenet].
260 ## - PUBLICACIÓN, DISTRIBUCIÓN, ETC.
Lugar de publicación, distribución, etc. Barcelona [etc.] :
Nombre del editor, distribuidor, etc. Gustavo Gili,
Fecha de publicación, distribución, etc. 1983 (
Fabricante Diamante)
300 ## - DESCRIPCIÓN FÍSICA
Extensión 433 p. :
Otras características físicas il. ;
Dimensiones 20 cm.
650 #4 - PUNTO DE ACCESO ADICIONAL DE MATERIA--TÉRMINO DE MATERIA
Término de materia o nombre geográfico como elemento de entrada Medios de comunicación social-
Subdivisión general Innovaciones tecnológicas.
9 (RLIN) 152871
700 1# - ENTRADA AGREGADA--NOMBRE PERSONAL
Nombre de persona Alsina Thevenet, Homero.
9 (RLIN) 20495
852 ## - LOCALIZACIÓN
Ubicación ES-MaACL
Número de control de estantería L-8047
Sublocalización o colección R.108059
Holdings
Estatus retirado Estado de pérdida Estado de daño No para préstamo Biblioteca de origen Biblioteca actual Ubicación en estantería Fecha de adquisición Fuente de adquisición Total de préstamos Signatura topográfica completa Código de barras Visto por última vez Precio de reemplazo Tipo de ítem Koha
        Biblioteca del Ateneo de Madrid Biblioteca del Ateneo de Madrid Depósito 2 17/01/2008     L-8047 1151171 23/02/2023 23/02/2023 Libro impreso